000 00590cam a22002173a 4500
001 24279
003 PGUSA
005 20140828083523.0
008 080114s2008||||xxu|||||s|||||000 | eng d
040 _aPGUSA
_beng
042 _adc
050 4 _aPT
100 1 _aOnkel Adam,
_d1804-1889
245 1 0 _aValdemarsborg'in sukukartano
_h[electronic resource] /
_cOnkel Adam
260 _bProject Gutenberg,
_c2008
506 _aPublic domain in the USA.
516 _aElectronic text
830 0 _aProject Gutenberg
_v24279
856 4 0 _uhttp://www.gutenberg.org/ebooks/24279
942 _cEB
999 _c253534
_d253534